Thực hành Autocad 2004 kết hợp với 3D studio MAX

保存先:
書誌詳細
第一著者: Hồ Xuân Phương
フォーマット: 図書
言語:Undetermined
出版事項: Tp. HCM Thống kê 2003
主題:
タグ: タグ追加
タグなし, このレコードへの初めてのタグを付けませんか!
Thư viện lưu trữ: Trung tâm Học liệu Trường Đại học Cần Thơ
LEADER 00643nam a2200193Ia 4500
001 CTU_59948
008 210402s9999 xx 000 0 und d
020 |b 54000 
082 |a 006.68 
082 |b Ph561 
100 |a Hồ Xuân Phương 
245 0 |a Thực hành Autocad 2004 kết hợp với 3D studio MAX 
245 0 |c Hồ Xuân Phương và Hồ Hoàn Kiếm 
260 |a Tp. HCM 
260 |b Thống kê 
260 |c 2003 
650 |a computer drawing languagge,3d max ( computer programs ),autocad ( computer programs ) 
904 |i Minh 
980 |a Trung tâm Học liệu Trường Đại học Cần Thơ